sanat - blondina - ibe - Statistics

General Stats
  • This quiz has been taken 71 times
  • The average score is 192 of 315
Answer Stats
Hint Answer % Correct
oo
98%
98%
oot
93%
mul
91%
diiva
89%
ei
89%
et
89%
haluut
89%
kaiken
89%
tyttö
89%
mikä
88%
multa
86%
muu
86%
Blondina
84%
kelpaa
84%
mikään
84%
sun
84%
80%
ku
77%
tuun
77%
ja
75%
sisään
73%
tarvii
73%
katseel
71%
mitää
71%
muuta
71%
rukoilet
71%
Itämeren
70%
takaa
70%
uskottelet
70%
ain
68%
nimi
68%
etit
66%
kun
66%
pelastajaa
66%
sulle
66%
yks
66%
mun
64%
tiedän
64%
yksin
64%
etten
63%
laulan
63%
en
61%
on
61%
salaa
61%
kokiksee
59%
menet
59%
oon
59%
laulun
57%
pimeyteen
57%
yön
57%
rommii
55%
sua
55%
tää
55%
vaan
55%
Helsingist
54%
ikinä
54%
kaikki
54%
mietin
54%
se
54%
taas
54%
opikseen
52%
Stockiksee
52%
mitään
50%
sinä
50%
liikaa
48%
mut
48%
otanko
48%
elämä
46%
kerro
46%
edes
45%
mussa
45%
paras
45%
tästedes
45%
tiiän
45%
välil
45%
viehättää
45%
ellen
43%
irti
43%
ottaa
43%
parhaista
43%
pidät
43%
varkaista
43%
aion
41%
kaltaista
41%
mua
41%
ne
41%
siitä
41%
tai
41%
niin
39%
pahiksist
39%
siel
39%
kohta
36%
seurauksii
36%
skriivaa
36%
takas
36%
välillä
36%
ettiny
34%
joudun
34%
kyl
34%
silloin
34%
Stadii
34%
syitä
34%
vaanii
34%
kii
32%
kohtaa
32%
menee
32%
oppinu
32%
varas
32%
veden
32%
jotka
30%
kuumin
30%
meikit
30%
oisit
30%
pirut
30%
rauhaa
30%
valuu
30%
houkutuksii
29%
luurin
29%
pauhaa
29%
sydän
29%
kesä
27%
koukuttuis
27%
leikit
27%
onneks
27%
pidän
27%
varoo
27%
koittanu
25%
löydän
25%
nyt
25%
riivaa
25%
turhaan
25%
vielki
25%
avutonta
23%
hiljasella
23%
sieltki
23%
skipata
23%
boomin
20%
vahtii
20%
koko
16%
silti
16%
jäävedes
14%
talvi
14%
silmät
13%
lauluu
9%
samaa
9%
No matching quizzes found
Score Distribution
Percent of People with Each Score
Percentile by Number Answered
Your Score History
You have not taken this quiz